دراسات في الصحافة المصرية والعربية / (Record no. 13951)
[ view plain ]
| 000 -الفاتح | |
|---|---|
| حقل البيانات ثابتة الطول | 00641nam a22001937a 4500 |
| 003 - محدد رقم الضبط | |
| رقم الضبط | OSt |
| 005 - وقت وتاريخ اخر تعامل مع التسجيلة | |
| رقم الضبط | 20150901134813.0 |
| 008 - عناصر البيانات ثابتة الطول - معلومات عامة | |
| حقل البيانات ثابتة الطول | 100428s 198 ua|||||r|||| 000 e ara d |
| 040 ## - مصدر الفهرسة | |
| وكالة الفهرسة الأصلية | dlc |
| 082 ## - رقم تصنيف ديوى العشرى | |
| رقم الطبعة | 22 |
| رقم التصنيف | 071.956 |
| رقم المادة | ر ح م |
| 100 ## - المدخل الرئيسى - إسم شخصى | |
| 9 (RLIN) | 13732 |
| الإسم الشخصى | عبد الرحمن، عواطف |
| 245 ## - بيان العنوان | |
| العنوان | دراسات في الصحافة المصرية والعربية / |
| بيان المسئوليه,etc | عواطف عبد الرحمن |
| 260 ## - PUBLICATION, DISTRIBUTION, ETC. (IMPRINT) | |
| مكان الناشر او الموزع | القاهرة : |
| اسم الناشر او الموزع | العربي للنشر، 1981 |
| تاريخ النشر أو التوزيع | 1981 |
| 300 ## - الوصف المادى | |
| التعداد | 200 ص؛ |
| أبعاد الوعاء | 23 سم |
| 490 ## - بيان السلسلة | |
| عنوان السلسلة | دراسات في الإعلام |
| 650 ## - المدخل الاضافى بالموضوع-مصطلح موضوعى | |
| 9 (RLIN) | 13733 |
| مصطلح موضوعي أو اسم جغرافي كعنصر مدخل | الصحافة العربية |
| مصدر الرأس أو المصطلح | BUEsh |
| 651 ## - المدخل الاضافى بالموضوع - اسم جغرافى | |
| مصدر الرأس أو المصطلح | BUEsh |
| 942 ## - عناصر المدخل الإضافي( كوها) | |
| مصدر التصنيف او مخطط الترفيف | Dewey Decimal Classification |
| Koha [default] item type | Book - Borrowing |
| حالة التراجع | حالة الفقد | مصدر التصنيف او خطة الترفيف | حالة تلف | ليس للاعارة | مجموعات كوها | المكان الدائم | المكان الحالي | موقع الترفيف | تاريخ الاكتساب | Source of acquisition | رقم الاستدعاء | الباركود | Date last seen | مُعار | نوع الوعاء |
|---|---|---|---|---|---|---|---|---|---|---|---|---|---|---|---|
| Dewey Decimal Classification | Central Library | Central Library | Lower Floor | 28/04/2010 | Donation | 071.956 عبد | 000020739 | 15/07/2025 | 01/10/2014 | Book - Borrowing |